000 01765nam a2200457 a 4500
999 _c186093
_d186093
003 BLK
005 20250313172142.0
008 180411b bul|||||r ||||||| ||bul||
010 _aKNG00195087000
020 _a978-619-7300-10-9
040 _aBLK
041 _aBUL
_cBUL
072 7 _2bullib
_aН84
_xБългарска художествена литература Н
080 _aБългарска литература
_b821.163.2
_x-992
_z821.163.2-992
080 _aБългарска литература
_b821.163.2
_x-4
_z821.163.2-4
100 _aПетров, Валери
_d1920 - 2014
_qМеворах, Валери Нисим
_9363347
139 _aПетров, Валери
_bП 47
245 1 0 _aАфрикански бележник
_cВалери Петров; * Валери Нисим Меворах.
250 _a2. изд.
257 _aBGR
260 _bВакон
_c2016
300 _a416 с.
_c21 см
380 _aX
490 1 _aПътешествия и приключения
500 _aСъдържа и за авт. - Валери Нисимов Петров - псевд. на Валери Нисим Меворах. - 1. изд. 1965.
650 4 _aАфрика - пътеписи, очерци, впечатления
_9259651
651 4 _aАфрика
_9246452
653 _aАфрика
653 _aпътеписи
653 _aочерци
659 _aН
700 1 _aМеворах, Валери Нисим
_e*
_9367575
852 _aЦб 283007
856 4 _qpdf
856 4 _qpdf
942 _cKNG
_n0
_024
944 _aCR
_c03.11.2016
_k30576
_lЦветомила Тодорова
944 _aED
_c12.12.2016
_kЛюдмила_Стоянова
999 _d186093
999 _d186093